[Event "AUTO-INT-1130"]
[Site "http://www.queenalice.com/game.php?id=505638"]
[Date "2008.12.10"]
[Round "1"]
[White "Rhastili_Rhalasti"]
[Black "RicardoSilva"]
[Result "1-0"]
[WhiteElo "1434"]
[BlackElo "1586"]

1. e4 Nf6 2. Nf3 Nc6 3. Bc4 Nxe4 4. Ne5 Nxe5 5. d3 Nc5 6. O-O e6 7. Be3 Na4 8.
b3 Nc5 9. d4 Nxb3 10. cxb3 d5 11. dxe5 dxc4 12. a3 cxb3 13. Qxb3 g5 14. Nc3 f6
15. Rad1 Bd7 16. exf6 b6 17. Bd4 c5 18. Be5 Rc8 19. f7+ Kxf7 20. Bxh8 c4 21. Qc2
Ke7 22. Qxh7+ Ke8 23. Qg8 Qe7 24. f4 Rc5 25. Rfe1 gxf4 26. Ne4 Rf5 27. Rd6 Qf7
28. Nf6+ Rxf6 29. Qg5 Rg6 30. Qh5 Bxd6 31. Qf3 Qf8 32. Qh5 Qh6 33. Qd1 Bc5+ 34.
Bd4 f3 35. g3 Bxd4+ 36. Qxd4 e5 37. Qxe5+ Kf7 38. Qe7+ 1-0

[Event "Challenge"]
[Site "http://www.queenalice.com/game.php?id=549041"]
[Date "2009.3.2"]
[Round "-"]
[White "ingridcardoso"]
[Black "RicardoSilva"]
[Result "0-1"]
[WhiteElo "1657"]
[BlackElo "1565"]

1. e4 e5 2. Nf3 d6 3. Bc4 Be6 4. Bxe6 fxe6 5. d3 d5 6. Nc3 Bb4 7. O-O dxe4 8.
Nxe5 Qd4 9. Ng4 h5 10. Ne3 Bxc3 11. bxc3 Qxc3 12. Bd2 Qd4 13. Nc4 Nf6 14. Ne3
exd3 15. cxd3 Qxd3 16. f4 Ne4 17. Bb4 Qxe3+ 18. Kh1 Nf2+ 19. Rxf2 Qxf2 20. Rb1
Qxf4 21. Rb3 Nc6 22. Bc5 Na5 23. Rf3 Qc4 24. Ba3 Rd8 25. Qf1 Qxf1+ 26. Rxf1 Nc4
27. Bb4 Ne3 28. Rf2 Rd1+ 0-1

[Event "Challenge"]
[Site "http://www.queenalice.com/game.php?id=549045"]
[Date "2009.3.2"]
[Round "-"]
[White "allbishop"]
[Black "RicardoSilva"]
[Result "0-1"]
[WhiteElo "1578"]
[BlackElo "1566"]

1. e4 e5 2. f4 Qh4+ 3. g3 Qe7 4. Nf3 exf4 5. gxf4 Qxe4+ 6. Be2 Qxf4 7. d3 Bb4+
8. c3 Qg4 9. Rg1 Bxc3+ 10. bxc3 Qe6 11. Ba3 b5 12. Nbd2 Bb7 13. Rxg7 Bxf3 14.
Nxf3 d5 15. Qd2 Qh3 16. O-O-O Nd7 17. Bf1 Qxf3 18. Qe1+ Kd8 19. Qh4+ Qf6 20.
Qxf6+ Ngxf6 21. Rxf7 Ng4 22. Bh3 Ke8 23. Rg7 Nf2 24. Bxd7+ Kd8 25. Bf5 Re8 26.
Rd7+ Kc8 27. Rxh7+ Kb7 28. Rf1 Re2 0-1

[Event "Challenge"]
[Site "http://www.queenalice.com/game.php?id=551550"]
[Date "2009.3.6"]
[Round "-"]
[White "RicardoSilva"]
[Black "gambitmiau64"]
[Result "0-1"]
[WhiteElo "1624"]
[BlackElo "1671"]

1. e4 Nc6 2. Bc4 e6 3. Qh5 Nf6 4. Qb5 Nxe4 5. d3 Nd6 6. Qh5 Nxc4 7. dxc4 Nd4 8.
Qd1 Nc6 9. Qg4 e5 10. Bg5 f6 11. Be3 d5 12. Qd1 d4 13. Bd2 Be6 14. Qh5+ Bf7 15.
Qf5 Ne7 16. Qe4 c6 17. f4 Bxc4 18. fxe5 Bd5 19. Qxd4 Bxg2 20. Qxd8+ Rxd8 21.
exf6 gxf6 22. Nc3 Bxh1 23. Bg5 fxg5 24. Nh3 h6 25. Rd1 Nd5 26. Ne2 Bd6 27. Kd2
Bf3 28. Re1 O-O 29. c4 Bf4+ 30. Nexf4 Nxf4+ 31. Ke3 Nxh3 32. Rc1 Rde8+ 33. Kd4
Re4+ 34. Kd3 Nf2+ 35. Kc3 a5 36. Rc2 Rd8 37. Kb3 Bd1 38. c5 Re3+ 39. Ka4 Bxc2+
40. Kxa5 Re4 41. Kb6 Rb4+ 42. Kc7 Rd5 43. a3 Rxb2 44. a4 Kf8 45. a5 Ke7 46. a6
bxa6 47. h3 Rxc5 48. h4 gxh4 49. Kc8 Rb6 50. Kc7 Rcb5 51. Kc8 c5 52. Kc7 c4 53.
Kc8 Rc5# 0-1

[Event "AUTO-INT-1330"]
[Site "http://www.queenalice.com/game.php?id=597200"]
[Date "2009.6.2"]
[Round "1"]
[White "flucris2701"]
[Black "RicardoSilva"]
[Result "0-1"]
[WhiteElo "1378"]
[BlackElo "1611"]

1. e4 c5 2. Bc4 Nf6 3. d3 Qa5+ 4. Bd2 Qc7 5. Nf3 h6 6. O-O d6 7. h3 g5 8. Nc3 g4
9. hxg4 h5 10. gxh5 Rxh5 11. Bg5 Ng4 0-1

[Event "AUTO-INT-1330"]
[Site "http://www.queenalice.com/game.php?id=597201"]
[Date "2009.6.2"]
[Round "1"]
[White "RicardoSilva"]
[Black "flucris2701"]
[Result "1-0"]
[WhiteElo "1618"]
[BlackElo "1371"]

1. e4 e5 2. Qh5 Nc6 3. Bc4 g6 4. Bxf7+ Kxf7 5. Qf3+ Ke8 6. Ne2 Qf6 7. c3 Qxf3 8.
gxf3 Bh6 9. b4 Nf6 10. b5 Nd8 11. d4 exd4 12. Bxh6 1-0

[Event "AUTO-INT-1330"]
[Site "http://www.queenalice.com/game.php?id=597212"]
[Date "2009.6.2"]
[Round "1"]
[White "julioisdi"]
[Black "RicardoSilva"]
[Result "0-1"]
[WhiteElo "1366"]
[BlackElo "1578"]

1. e4 Nc6 2. d4 e5 3. d5 Nd4 4. Be3 Bb4+ 5. c3 Bxc3+ 6. bxc3 c5 7. Bxd4 exd4 8.
cxd4 Qa5+ 9. Qd2 Qxd2+ 10. Nxd2 cxd4 11. Nb3 d3 12. Bxd3 d6 13. Nf3 h6 14. Bb5+
Bd7 15. Nbd4 a6 16. Bxd7+ Kxd7 17. O-O Nf6 18. Rfe1 Rac8 19. Nd2 Rc3 20. Nf5 g6
21. Nd4 Rd3 22. N2f3 g5 23. Rab1 b5 24. Rb3 Rxb3 25. Nxb3 g4 26. Nfd4 Rc8 27. f3
gxf3 28. gxf3 Rc4 29. e5 Nxd5 30. Nf5 Rf4 31. Nxh6 Rxf3 32. Kg2 Re3 33. Rxe3
Nxe3+ 34. Kf3 Nf1 35. h4 dxe5 36. Nxf7 Nh2+ 37. Ke4 Ke6 38. Nxe5 Nf1 39. Kf4 Nh2
40. Nc5+ Ke7 41. h5 a5 42. h6 Kf8 43. Kg5 Kg8 0-1

[Event "AUTO-INT-1330"]
[Site "http://www.queenalice.com/game.php?id=597213"]
[Date "2009.6.2"]
[Round "1"]
[White "RicardoSilva"]
[Black "julioisdi"]
[Result "0-1"]
[WhiteElo "1629"]
[BlackElo "1624"]

1. e4 e5 2. Qh5 Nc6 3. Bc4 g6 4. Qe2 Qg5 5. Qf3 Nf6 6. Nc3 Nd4 7. Qd3 Qxg2 8.
Nh3 Qxh1+ 9. Qf1 Qxh2 10. Kd1 Bb4 11. Nb1 Nxe4 12. c3 d6 13. cxb4 Bxh3 14. Qd3
Nxf2+ 15. Ke1 Nxd3+ 16. Kd1 Qg1# 0-1

[Event "AUTO-INT-1330"]
[Site "http://www.queenalice.com/game.php?id=597220"]
[Date "2009.6.2"]
[Round "1"]
[White "RicardoSilva"]
[Black "therota2"]
[Result "1-0"]
[WhiteElo "1617"]
[BlackElo "1519"]

1. e4 e5 2. Qh5 Nc6 3. Bc4 Nh6 4. d3 Bc5 5. Bxh6 g6 6. Qg5 Nd4 7. Qxe5+ Ne6 8.
Bxe6 Rg8 9. Bxf7+ Kxf7 10. Qxc5 Qh4 11. Qg5 1-0

[Event "AUTO-INT-1330"]
[Site "http://www.queenalice.com/game.php?id=597221"]
[Date "2009.6.2"]
[Round "1"]
[White "therota2"]
[Black "RicardoSilva"]
[Result "1-0"]
[WhiteElo "1414"]
[BlackElo "1610"]

1. c4 Nf6 2. Nc3 d5 3. g3 dxc4 4. e4 Be6 5. f3 Bd7 6. Bxc4 b5 7. Bxb5 Bxb5 8.
Nxb5 c6 9. Nc3 e5 10. Qb3 Na6 11. Nge2 Rb8 12. Qa4 Nb4 13. O-O Bc5+ 14. Kg2 Nd3
15. Qxc6+ Qd7 16. Qa6 Nb4 17. Qa4 Nc6 18. Qc4 Qd6 19. Nd5 Nd4 20. Re1 Rb4 21.
Nxb4 Bxb4 22. a4 Ke7 23. b3 Qc6 24. Qxb4+ Qd6 25. Qxd6+ Kxd6 26. Nxd4 exd4 27.
e5+ Ke6 28. exf6+ Kxf6 29. Bb2 Rd8 30. Rac1 Kg6 31. Rc7 a5 32. h4 Kh5 33. Re5+
g5 34. Rxg5+ Kh6 35. Rxf7 Rd6 36. Bxd4 Rg6 37. Rg7 Rxg5 38. hxg5+ Kh5 39. g4+
Kh4 40. Bf2# 1-0

[Event "QA-ANNIV-05"]
[Site "http://www.queenalice.com/game.php?id=604142"]
[Date "2009.6.15"]
[Round "1"]
[White "RicardoSilva"]
[Black "thw"]
[Result "0-1"]
[WhiteElo "1613"]
[BlackElo "1972"]

1. e4 e6 2. e5 d6 3. Bb5+ c6 4. Ba4 dxe5 5. Qh5 Bd6 6. d3 Nf6 7. Qg5 O-O 8. g4
Nbd7 9. Qh4 Nd5 10. Qxd8 Rxd8 11. Bg5 f6 12. Bh4 Nf4 13. Ne2 Ng2+ 14. Kf1 Nxh4
15. d4 a5 16. Nd2 b5 17. Bb3 Nb6 18. Ne4 Be7 19. f4 a4 20. d5 exd5 0-1

[Event "AUTO-OPEN-1689"]
[Site "http://www.queenalice.com/game.php?id=651500"]
[Date "2009.9.13"]
[Round "1"]
[White "whizkid14"]
[Black "RicardoSilva"]
[Result "1-0"]
[WhiteElo "2151"]
[BlackElo "1568"]

1. e4 c5 2. Nf3 Nf6 3. Nc3 d5 4. e5 Ng4 5. h3 d4 6. Bb5+ Nc6 7. Ne4 Nxe5 8. Nxe5
f5 9. Nxc6 Qd5 10. Nb4+ Qd7 11. Bxd7+ Bxd7 12. Nxc5 e5 13. Nxd7 Kxd7 14. Qf3 e4
15. Qxf5+ Kd6 16. O-O g6 17. Qxe4 Kd7 18. Qxd4+ Ke6 19. Qxh8 a5 20. Re1+ Kd6 21.
Qf6+ Kc5 22. Re5+ Kxb4 23. Qf4# 1-0

[Event "AUTO-OPEN-1689"]
[Site "http://www.queenalice.com/game.php?id=651501"]
[Date "2009.9.13"]
[Round "1"]
[White "RicardoSilva"]
[Black "whizkid14"]
[Result "0-1"]
[WhiteElo "1570"]
[BlackElo "2129"]

1. e4 e5 2. Qh5 Nc6 3. Bc4 g6 4. Qf3 Nf6 5. d3 Nd4 6. Qd1 d5 7. Bxd5 Nxd5 8.
exd5 Qxd5 9. c4 Qxg2 10. Kd2 Qxh1 11. Ne2 Bh6+ 12. Kc3 Qxd1 13. Bxh6 Nxe2+ 14.
Kb4 a5+ 15. Kc5 Qxd3 16. Nc3 Qd6+ 17. Kb5 Qc6# 0-1

[Event "AUTO-OPEN-1689"]
[Site "http://www.queenalice.com/game.php?id=651526"]
[Date "2009.9.13"]
[Round "1"]
[White "boydelta"]
[Black "RicardoSilva"]
[Result "1-0"]
[WhiteElo "2195"]
[BlackElo "1580"]

1. e4 c5 2. Nf3 Nf6 3. e5 Ng4 4. b3 e6 5. Be2 c4 6. Bxc4 f6 7. O-O Bc5 8. d4 Bb4
9. h3 Nh6 10. exf6 gxf6 11. Bxh6 d5 12. Bb5+ Bd7 13. Qe2 Qb6 14. Bd3 Rg8 15.
Bxh7 Rh8 16. Bg6+ Kd8 17. Bd2 1-0

[Event "AUTO-OPEN-1689"]
[Site "http://www.queenalice.com/game.php?id=651527"]
[Date "2009.9.13"]
[Round "1"]
[White "RicardoSilva"]
[Black "boydelta"]
[Result "0-1"]
[WhiteElo "1582"]
[BlackElo "2194"]

1. e4 e6 2. d3 e5 3. Nf3 Nc6 4. Bg5 Be7 5. c4 Bxg5 6. d4 exd4 7. Nxd4 Nxd4 8.
Qxd4 Bf6 9. e5 Qe7 10. Be2 Bxe5 11. Qxe5 Qxe5 12. O-O Qxe2 13. Nc3 Qxc4 14. Rac1
c6 15. b3 Qb4 16. Rfe1+ Kd8 17. Re4 Qa3 0-1

[Event "AUTO-OPEN-1689"]
[Site "http://www.queenalice.com/game.php?id=651544"]
[Date "2009.9.13"]
[Round "1"]
[White "RicardoSilva"]
[Black "alvarogoulart"]
[Result "1-0"]
[WhiteElo "1566"]
[BlackElo "1485"]

1. e4 e5 2. Bc4 Nf6 3. d3 Bc5 4. Nf3 Ng4 5. Ng5 Bxf2+ 6. Ke2 d5 7. exd5 h6 8.
Nf3 Bc5 9. h3 Nf2 10. Qe1 Nxh1 11. Qxh1 c6 12. dxc6 Nxc6 13. Nc3 Bd4 14. Nd5 Na5
15. Bb5+ Bd7 16. Bxd7+ Qxd7 17. b4 Qxd5 18. bxa5 Bxa1 19. d4 1-0

[Event "AUTO-OPEN-1689"]
[Site "http://www.queenalice.com/game.php?id=651545"]
[Date "2009.9.13"]
[Round "1"]
[White "alvarogoulart"]
[Black "RicardoSilva"]
[Result "0-1"]
[WhiteElo "1472"]
[BlackElo "1579"]

1. e4 e5 2. Nf3 Bd6 3. Bc4 Nf6 4. Ng5 O-O 5. d3 h6 6. Nxf7 Rxf7 7. Bxf7+ Kxf7 8.
Nc3 Bb4 9. Bd2 d6 10. Nd5 Nxd5 11. exd5 Bc5 12. b4 Bd4 13. c3 Bxf2+ 14. Kxf2
Qf6+ 15. Kg1 g5 16. Qh5+ Qg6 17. Qxg6+ Kxg6 18. Kf2 Bf5 0-1

[Event "AUTO-OPEN-1692"]
[Site "http://www.queenalice.com/game.php?id=652702"]
[Date "2009.9.15"]
[Round "1"]
[White "HanoiTower"]
[Black "RicardoSilva"]
[Result "0-1"]
[WhiteElo "1911"]
[BlackElo "1580"]

1. e4 e5 2. c3 Nf6 3. d3 d5 4. exd5 Nxd5 5. Qh5 h6 6. Qxe5+ Ne7 7. d4 f6 8. Qe3
g5 9. Bd3 Qd6 10. Nd2 Be6 11. Bc4 Nf5 12. Qxe6+ Qxe6+ 13. Bxe6 Ng7 14. Bb3 Nc6
15. Ne4 f5 16. Nf6+ Ke7 17. Nd5+ Kd7 18. f4 Nh5 19. fxg5 hxg5 20. Bxg5 Re8+ 21.
Kf2 Rg8 22. Nf3 Ne7 23. Nxe7 Bxe7 24. Bxg8 Rxg8 25. Bxe7 Kxe7 26. Rae1+ Kd8 27.
Re5 Rf8 28. Ng5 Kd7 29. Kf3 Ng7 30. h4 Ne8 31. h5 Nd6 32. h6 c5 33. h7 Nc4 0-1

[Event "AUTO-OPEN-1692"]
[Site "http://www.queenalice.com/game.php?id=652703"]
[Date "2009.9.15"]
[Round "1"]
[White "RicardoSilva"]
[Black "HanoiTower"]
[Result "0-1"]
[WhiteElo "1578"]
[BlackElo "1789"]

1. e4 c6 2. Bc4 d5 3. Bb3 dxe4 4. Qh5 g6 5. Qe5 Nf6 6. d3 Nbd7 7. Qd4 Bg7 8.
dxe4 O-O 9. Nf3 Ng4 10. Qd3 Qb6 11. Be3 Qc7 12. Nd4 Nc5 13. Qc3 Nxe4 14. Qd3
Nef6 15. O-O Qxh2# 0-1

[Event "AUTO-OPEN-1692"]
[Site "http://www.queenalice.com/game.php?id=652728"]
[Date "2009.9.15"]
[Round "1"]
[White "RicardoSilva"]
[Black "robinud"]
[Result "0-1"]
[WhiteElo "1591"]
[BlackElo "1722"]

1. e4 e5 2. Bc4 Nf6 3. d3 Bc5 4. Bg5 O-O 5. b4 Bxb4+ 6. c3 Ba5 7. Qa4 b6 8. Nf3
d6 9. O-O Bd7 10. Qd1 b5 11. Bd5 c6 12. Bxf6 Qxf6 13. d4 cxd5 14. dxe5 dxe5 15.
exd5 Rc8 16. Na3 e4 17. Nd4 Bxc3 18. Nb3 Bxa1 19. Nxa1 b4 20. Nc4 Rxc4 21. Nc2
Ba4 22. d6 Nd7 23. Qd5 Rxc2 24. Qxa8+ Nf8 25. Qxa7 Bb5 26. Rd1 Bd3 27. f3 exf3
28. Rxd3 Rxg2+ 29. Kf1 Qa1+ 0-1

[Event "AUTO-OPEN-1692"]
[Site "http://www.queenalice.com/game.php?id=652729"]
[Date "2009.9.15"]
[Round "1"]
[White "robinud"]
[Black "RicardoSilva"]
[Result "1-0"]
[WhiteElo "1831"]
[BlackElo "1609"]

1. e4 e5 2. Nf3 d6 3. Bc4 Be6 4. Bxe6 fxe6 5. Nc3 d5 6. d3 dxe4 7. Nxe5 Qd6 8.
d4 Nc6 9. Nxc6 bxc6 10. Nxe4 Qd5 11. f3 Nf6 12. Nxf6+ gxf6 13. Be3 Bb4+ 14. c3
Ba5 15. O-O Rg8 16. Bd2 e5 17. Re1 e4 18. fxe4 Qc4 19. e5 fxe5 20. Rxe5+ Kd7 21.
Qe1 Rge8 22. Rxe8 Rxe8 23. Qh4 Qd3 24. Qg4+ Kd8 25. Bg5+ Re7 26. Re1 h5 27.
Bxe7+ Ke8 28. Qxh5+ Kd7 29. Qxa5 Qb5 30. Qxb5 cxb5 31. b4 c6 32. Bc5 a5 33. a3
axb4 34. axb4 Kd8 35. h4 Kc7 36. h5 Kb7 37. h6 Ka6 38. h7 Kb7 39. h8=Q Kc7 40.
Qg7+ Kd8 41. Qe7+ Kc8 42. Qf8+ Kb7 43. Qf7+ Ka6 44. Ra1# 1-0

[Event "AUTO-OPEN-1692"]
[Site "http://www.queenalice.com/game.php?id=652730"]
[Date "2009.9.15"]
[Round "1"]
[White "RicardoSilva"]
[Black "richerby"]
[Result "0-1"]
[WhiteElo "1584"]
[BlackElo "2102"]

1. e4 e5 2. Bc4 Nf6 3. d3 Bc5 4. c3 d6 5. b4 Bb6 6. Bg5 h6 7. Bh4 O-O 8. Qf3 g5
9. Bg3 Bg4 10. Qxf6 Qxf6 11. f3 Be6 12. Bxe6 fxe6 13. Na3 d5 14. Nh3 Nc6 15. Nb5
a6 16. Na3 g4 17. Nf2 gxf3 18. gxf3 Qxf3 19. O-O Qxd3 20. Rad1 Qxe4 21. c4 Nxb4
22. Rfe1 Qg4 23. Rxe5 Qxd1+ 0-1

[Event "AUTO-OPEN-1692"]
[Site "http://www.queenalice.com/game.php?id=652731"]
[Date "2009.9.15"]
[Round "1"]
[White "richerby"]
[Black "RicardoSilva"]
[Result "1-0"]
[WhiteElo "2101"]
[BlackElo "1586"]

1. e4 e5 2. Nf3 Nc6 3. Bb5 Nd4 4. Nxd4 exd4 5. O-O Nf6 6. e5 Ne4 7. Qg4 Nc5 8.
Qxd4 c6 9. Bc4 Ne6 10. Qg4 f5 11. exf6 Qxf6 12. Nc3 Qg5 13. Bxe6 Qxg4 14. Bxg4
h5 15. Bf5 Bc5 16. d3 Rf8 17. Bg6+ Kd8 18. Bg5+ Kc7 19. a3 d5 20. Rae1 Bf5 21.
Bxh5 g6 22. Bf3 d4 23. Nb1 1-0